Del acto al pensamiento : (Record no. 209042)

MARC details
000 -CABECERA
campo de control de longitud fija 00705nam a22002177a 4500
003 - IDENTIFICADOR DEL NÚMERO DE CONTROL
campo de control UPN
005 - FECHA Y HORA DE LA ÚLTIMA TRANSACCIÓN
campo de control 20250307063824.0
008 - ELEMENTOS DE LONGITUD FIJA--INFORMACIÓN GENERAL
campo de control de longitud fija 221117b1974 ag|||||f |||| 00| 0 spa d
040 ## - FUENTE DE LA CATALOGACIÓN
Centro catalogador/agencia de origen MX-MxUPN
Lengua de catalogación spa
Centro/agencia transcriptor MX-MxUPN
050 ## - SIGNATURA TOPOGRÁFICA DE LA BIBLIOTECA DEL CONGRESO
Número de clasificación BF441
Número de documento/Ítem W35 1974
100 1# - ASIENTO PRINCIPAL--NOMBRE PERSONAL
9 (RLIN) 29497
Nombre de persona Wallon, Henri,
Fechas asociadas al nombre 1879-1962
245 10 - MENCIÓN DE TÍTULO
Título Del acto al pensamiento :
Resto del título ensayo de psicología comparada
260 ## - PUBLICACIÓN, DISTRIBUCIÓN, ETC.
Lugar de publicación, distribución, etc. Buenos Aires :
Nombre del editor, distribuidor, etc. Psique,
Fecha de publicación, distribución, etc. 1974
300 ## - DESCRIPCIÓN FÍSICA
Extensión 205 páginas
500 ## - NOTA GENERAL
Nota general Título original en francés: De l'acte a la pensse : essai de pssychologie compareé.
650 #4 - ASIENTO SECUNDARIO DE MATERIA - TERMINO TEMATICO
Término de materia o nombre geográfico como elemento de entrada Pensamiento
9 (RLIN) 5399
650 #4 - ASIENTO SECUNDARIO DE MATERIA - TERMINO TEMATICO
Término de materia o nombre geográfico como elemento de entrada Psicología comparada
9 (RLIN) 9042
902 ## - ELEMENTOS DE DATOS B LOCAL, LDB (RLIN)
Creó VíctorGodínez/171122
942 ## - ELEMENTOS DE PUNTO DE ACCESO ADICIONAL (KOHA)
Fuente del sistema de clasificación o colocación Library of Congress Classification
Tipo de ítem Koha Libro
Holdings
Estado de retiro Estado de pérdida Fuente del sistema de clasificación o colocación Estado dañado No para préstamo Código de colección Localización permanente Ubicación/localización actual Ubicación en estantería Fecha de adquisición Total de préstamos Clasificación Código de barras Fecha visto por última vez Fecha del último préstamo Precio válido a partir de Tipo de ítem Koha
    Library of Congress Classification     Colección General Bib. Gregorio Torres Quintero Bib. Gregorio Torres Quintero Planta baja 17/11/2022 1 BF441 W35 1974 336195 24/01/2023 18/11/2022 17/11/2022 Libro